000 00576nam a2200169 a 4500
008 120416s1964 ||||||||||||||||| || u
050 _aQH 405 Li
100 _aLi, Ching-Chem
245 1 0 _aIntroduction to experimental statistics
260 _aNew York
_bMcGraw-Hill
_c1964
300 _ax, 460p.
350 _a0.00
650 0 _aBIOLOGY--EXPERIMENTS
650 _aBIOLOGY--STATISTICAL METHODS
650 0 _aBIOLOGY
995 _D0.00
_FCBU-MAIN LIBRARY (Kitwe)
_H1
_I0.00
_M1
_UAVAILABLE
_ZAnnex Low-Usage Collection
999 _c47743
_d47743